000 01081cab a22002055a 4500
001 L147575
008 090526s2009 xxk f 000 0 eng d
035 _a(Sirsi) u147575
041 0 _aeng
100 1 _aWebber, Richard
245 0 4 _aThe guest who just won't leave
_bthe tenant who stays behind after the lease is over
260 _c2009
490 0 _aLovells Real Estate Quarterly
_vSpring 2009, 7-8(2)
520 _aDiscusses the legal consequences of having a tenant who stays in occupation after the end of the lease. Looks at the different scenarios for tenants protected under the Landlord and Tenant Act 1954 Part II, and where the tenants are not so protected. Notes what happens when the departed tenant has left his goods on the premises. Warns landlords that undocumented occupation often leads to unwanted rights.
590 _aKA
650 2 4 _aLANDLORD AND TENANT ACT 1954 PART II
651 4 _aEngland and Wales
_y1543-
690 _aPROPERTY-COMMERCIAL PROPERTY-LEASEHOLD COMMERCIAL PROPERTY-COMMERCIAL LANDLORD AND TENANT-COMMERCIAL LEASES
942 _n0
999 _c81572
_d81572